[Event "Manizales Feria op 29th"]
[Site "Manizales"]
[Date "2024.01.07"]
[Round "4"]
[White "Avella Munoz, Andrea"]
[Black "Rios, David1"]
[Result "1-0"]
[WhiteElo "1472"]
[BlackElo "1774"]
[PlyCount "39"]
[EventDate "2024.01.05"]
[EventType "swiss"]
[EventRounds "7"]
[EventCountry "COL"]
[SourceTitle "CB02_2024"]
[SourceDate "2024.01.10"]
[SourceVersion "1"]
[SourceVersionDate "2024.01.10"]
[SourceQuality "1"]

1. e4 e6 2. d4 c6 3. Nf3 d5 4. Bd3 Nf6 5. Nc3 Bb4 6. e5 Nfd7 7. Bg5 Qa5 8. Qd2 c5 9. 0-0 cxd4 10. Nxd4 Nc6 11. Nb3 Bxc3 12. bxc3 Qb6 13. Be3 Qc7 14. f4 0-0 15. Nd4 Nxd4 16. cxd4 Nb6 17. Qe2 Nc4 18. Rf3 Nxe3 19. Rxe3 Qc3 20. Bxh7+ 1-0

[Event "Cali Valle Colombia op-B"]
[Site "Cali Valle Colombia"]
[Date "2022.12.28"]
[Round "4"]
[White "Garcia, Mario1111"]
[Black "Avella Munoz, Andrea"]
[Result "1-0"]
[WhiteElo "1584"]
[BlackElo "1472"]
[PlyCount "99"]
[EventDate "2022.12.26"]
[EventType "swiss"]
[EventRounds "8"]
[EventCountry "COL"]
[SourceTitle "CBM 211 Extra"]
[Source "ChessBase"]
[SourceDate "2023.01.31"]
[SourceVersion "1"]
[SourceVersionDate "2023.01.31"]
[SourceQuality "1"]

1. Nf3 Nc6 2. d4 d5 3. c4 e6 4. Nc3 Bb4 5. Bf4 Nf6 6. e3 Ne4 7. Qc2 0-0 8. Bd3 f5 9. 0-0 b6 10. Rac1 Bb7 11. cxd5 exd5 12. Nxd5 Rc8 13. Bc4 Kh8 14. Nxc7 Rxc7 15. Bxc7 Qxc7 16. Be6 Qe7 17. d5 Nd8 18. Qb3 Nxe6 19. dxe6 Bd6 20. Rfd1 Nc5 21. Qc4 Nxe6 22. Qd3 Bc5 23. Qc4 h6 24. Ne5 Qg5 25. g3 Bc8 26. Rc3 Qh5 27. Rd2 Ng5 28. b4 Be7 29. Rdc2 f4 30. exf4 Qd1+ 31. Qf1 Nh3+ 32. Kg2 Bb7+ 33. f3 Qxf1+ 34. Kxf1 Kh7 35. Kg2 Bxb4 36. Rc7 Ba6 37. Kxh3 Bf1+ 38. Kg4 a5 39. Nd7 h5+ 40. Kxh5 Bd3 41. Nxf8+ Bxf8 42. Rd2 Bg6+ 43. Kg5 Bc5 44. Rdd7 Bf8 45. f5 Be8 46. Rd4 Bc5 47. Re4 Bb5 48. f6 Bf8 49. fxg7 Bd6 50. Rh4+ 1-0

[Event "Jamundi Valle Avanza op-B"]
[Site "Jamundi"]
[Date "2022.12.09"]
[Round "3"]
[White "Avella Munoz, Andrea"]
[Black "Idrobo, Juan Manuel"]
[Result "0-1"]
[WhiteElo "1472"]
[BlackElo "1809"]
[PlyCount "54"]
[EventDate "2022.12.08"]
[EventType "swiss"]
[EventRounds "7"]
[EventCountry "COL"]
[SourceTitle "EXT 2024"]
[Source "ChessBase"]
[SourceDate "2023.10.10"]
[SourceVersion "1"]
[SourceVersionDate "2023.10.10"]
[SourceQuality "1"]

1. d4 d6 2. e4 Nd7 3. Nf3 c6 4. Bd3 Qc7 5. Nc3 e5 6. 0-0 Ngf6 7. Ne2 g6 8. b3 Bg7 9. Bb2 0-0 10. dxe5 dxe5 11. c4 b6 12. Rc1 c5 13. Nc3 Bh6 14. Nd5 Nxd5 15. exd5 Bxc1 16. Qxc1 f5 17. Qh6 Re8 18. Re1 Re7 19. d6 Qxd6 20. Bxf5 Bb7 21. Ng5 Nf8 22. Ne4 Bxe4 23. Bxe4 Rae8 24. Bd5+ Kh8 25. Bxe5+ Rxe5 26. Rxe5 Rxe5 27. f4 Rh5 0-1

[Event "Sabaneta op-B 1st"]
[Site "Sabaneta"]
[Date "2022.11.27"]
[Round "3"]
[White "Loaiza, John Mario"]
[Black "Avella Munoz, Andrea"]
[Result "1-0"]
[WhiteElo "1932"]
[BlackElo "1472"]
[PlyCount "69"]
[EventDate "2022.11.25"]
[EventType "swiss"]
[EventRounds "8"]
[EventCountry "COL"]
[SourceTitle "CBM 211 Extra"]
[Source "ChessBase"]
[SourceDate "2023.01.31"]
[SourceVersion "1"]
[SourceVersionDate "2023.01.31"]
[SourceQuality "1"]

1. e4 e5 2. Nf3 Nc6 3. d4 exd4 4. Bc4 Bb4+ 5. c3 dxc3 6. 0-0 d6 7. a3 Ba5 8. b4 Bb6 9. Qb3 Qf6 10. Nxc3 Nge7 11. Nd5 Nxd5 12. exd5 Ne5 13. Nxe5 dxe5 14. Be3 0-0 15. Bxb6 axb6 16. Rfe1 Bd7 17. Qc3 Rfe8 18. Re3 Re7 19. Rae1 Rae8 20. Rf3 Qg6 21. Qd2 b5 22. Ba2 Qd6 23. Rd3 Bf5 24. Rc3 c6 25. Rc5 cxd5 26. Rxd5 Qc6 27. Rc5 Qd7 28. Rd5 Qc6 29. Rc5 Qb6 30. Qg5 g6 31. g4 h6 32. Qxh6 Bxg4 33. Re4 Bh5 34. Rh4 Qf6 35. Rxh5 1-0

[Event "Sabaneta op-B 1st"]
[Site "Sabaneta"]
[Date "2022.11.26"]
[Round "2"]
[White "Avella Munoz, Andrea"]
[Black "Tobar Beltran, Jorge Esteban"]
[Result "0-1"]
[WhiteElo "1472"]
[BlackElo "1907"]
[PlyCount "78"]
[EventDate "2022.11.25"]
[EventType "swiss"]
[EventRounds "8"]
[EventCountry "COL"]
[SourceTitle "CBM 211 Extra"]
[Source "ChessBase"]
[SourceDate "2023.01.31"]
[SourceVersion "1"]
[SourceVersionDate "2023.01.31"]
[SourceQuality "1"]

1. Nf3 f5 2. d4 Nf6 3. Bg5 e6 4. Nbd2 d5 5. e3 Be7 6. Bd3 0-0 7. 0-0 Nbd7 8. c4 Ne4 9. Bxe7 Qxe7 10. cxd5 exd5 11. Rc1 c6 12. Nb3 Rf6 13. Nfd2 Rh6 14. f4 Ndf6 15. Nxe4 Nxe4 16. Rf3 Qh4 17. h3 Bd7 18. Qe1 Qxe1+ 19. Rxe1 Re8 20. Nc5 Bc8 21. Bc2 Nxc5 22. dxc5 Rf6 23. Rg3 g6 24. h4 Kf7 25. Rf3 Rfe6 26. Kf2 Kf6 27. Rg3 R6e7 28. Rh3 d4 29. Rhh1 dxe3+ 30. Kf3 Be6 31. b3 Bd5+ 32. Kg3 Be4 33. Bxe4 Rxe4 34. Re2 Rd8 35. Rhe1 Rd3 36. Kf3 Ke6 37. Rxe3 Rdxe3+ 38. Rxe3 Rxe3+ 39. Kxe3 Kd5 0-1